Statistiques concernant Lignes de bus RATP de 500 à 599

Cliquez ici pour prendre le quiz!

Statistiques générales

  • Ce quiz a été pris 25 fois
    (7 depuis la dernière actualisation)
  • Le résultat moyen est 16 sur 56

Statistiques - réponses

Lignes RATPRéponse% Correct
La Traverse Ney-Flandre (519)Porte d'Aubervilliers - Oberlé
83%
River Plaza 577Asnières - Gennevilliers Gabriel Péri
67%
La Traverse Batignolles-Bichat (518)Porte de Saint-Ouen - Hôpital Bichat
67%
Le Bus du Port Circuit Bleu (538)Asnières - Gennevilliers - Les Courtilles
50%
Le Bus du Port Circuit Vert (538)Asnières - Gennevilliers - Les Courtilles
50%
ChoisyBus (582)Choisy-le-Roi RER
50%
Le Buséolien 1 (541)Ecole des Sports Ile de Puteaux
50%
River Plaza 577Gennevilliers RER
50%
595Robinson RER
50%
AS (544)Suresnes - Général de Gaulle
50%
545Bagnolet - Louise Michel
33%
564Collège - La Malmaison
33%
V2 (583)Domaine Chérioux
33%
La Traverse de Charonne (501)Gambetta - Cher
33%
TIM (569)Gare de Bellevue
33%
Le Bus du Port Circuit Rouge (538)Gare du Stade
33%
595Le Plessis-Robinson - La Boursidière
33%
520Les Boullereaux - Champigny RER
33%
Tillbus (515)Les Lilas Place du Vel'd'Hiv
33%
TUC Vert (574)Mairie de Clichy - Metro
33%
565Mairie de Rueil
33%
TUVIM Epinettes (589)Mairie d'Issy
33%
TUVIM Centre Ville (589)Mairie d'Issy
33%
TUVIM Ile St-Germain (589)Mairie d'Issy
33%
545Noisy-le-Sec RER
33%
V7 (585)Villejuif - Louis Aragon Métro
33%
V2/ (583)Centre Commercial
17%
V3 (581)Centre Ville
17%
Ligne Bleue (559)Chemin de l'Ile
17%
Ligne Bleue (559)Cimetière du Mont Valérien
17%
Le Buséolien 1 (541)Cimetière Nouveau
17%
Le Buséolien 2 (541)Cimetière Nouveau
17%
Le Buséolien 2 (541)Conservatoire Préssensé
17%
Le Petit Fontenaisien (594)Division Leclerc
17%
566Eglise de Colombes
17%
La Navette - Thiais (587)Ferme de Grignon
17%
524Fontenay-sous-Bois - Les Alouettes
17%
524Fontenay-sous-Bois - Les Parapluies
17%
V5 Circuit A Domicile / Travail (584)Gabriel Péri - Soleil Levant
17%
V5 Circuit B Proximité (584)Gabriel Péri - Soleil Levant
17%
565Hauts de Rueil - Eglise de Buzenval
17%
V4 (562)Hôtel de Ville - Centre
17%
SUBB (571)Hôtel de Ville de Boulogne-Billancourt
17%
SUBB (571)Hôtel de Ville - Les Passages
17%
La Navette - Thiais (587)La Galaise
17%
TUB (546)La Mare à la Veuve
17%
V6 (593)Leclerc-Thomas
17%
520Les Hauts de Bry
17%
V2 (583)Pasteur
17%
La Traverse Bièvre Montsouris (513)Place de l'Abbé Georges Hénocque
17%
AS (544)Place de Stalingrad
17%
566Rue de l'Industrie
17%
TUC Jaune (574)Rue Martre Mairie de Clichy
17%
L'Audonnienne (537)Saint-Ouen - Debain
17%
L'Audonnienne (537)Saint-Ouen - Payret
17%
TUVIM Epinettes (589)Horace Vernet - Mairie
0%

Distribution des résultats

Percentile par nombre de réponses

% des personnes avec chaque résultat

Votre développement - résultats

Vous n’avez pas pris ce quiz depuis la dernière actualisation